[Event "10th American Continental"]
[Site "Montevideo URU"]
[Date "2015.05.24"]
[Round "11.46"]
[White "Sosa Macho, Juan Manuel"]
[Black "Moccero, Eduardo"]
[Result "0-1"]
[WhiteElo "2137"]
[BlackElo "2004"]
[WhiteFideId "3000354"]
[BlackFideId "103373"]
[EventDate "2015.05.15"]
[EventType "swiss"]

1. c4 e6 2. g3 d5 3. Bg2 c5 4. Nf3 Nc6 5. O-O Nf6 6. b3 Be7 7. Bb2 O-O 8. d3 d4
9. Nbd2 e5 10. a3 Qc7 11. Qc2 Rb8 12. Ne1 b6 13. Ra2 Bb7 14. Qb1 Na5 15. Bxb7
Qxb7 16. Nc2 e4 17. b4 exd3 18. exd3 Nc6 19. bxc5 bxc5 20. Qd1 Qd7 21. Ne1 h5
22. Qf3 Rfe8 23. Bc1 Ne5 24. Qg2 Qf5 25. Ndf3 Nxd3 26. Nh4 Nxe1 27. Rxe1 Qb1 28.
Rae2 Bf8 29. Qf1 Rxe2 30. Rxe2 Qd3 31. Re1 Qc2 32. Bf4 Rb2 33. Rc1 Qb3 34. Re1
Ng4 35. Re2 Rb1 36. Re1 Rxe1 37. Qxe1 Qxc4 38. h3 Nf6 39. Nf3 Qd5 40. Qd1 d3 41.
Be5 Nd7 42. Bc3 c4 43. a4 Bc5 44. a5 Qe6 45. Nd2 Qxh3 46. Qf3 Qe6 47. Qa8+ Kh7
48. Ne4 Qf5 49. Kg2 Nf6 50. Nxc5 Qxc5 51. Qe8 Nxe8 0-1

[Event "10th American Continental"]
[Site "Montevideo URU"]
[Date "2015.05.24"]
[Round "11.47"]
[White "Daneri, Martin"]
[Black "Muzzi, Eduardo"]
[Result "1-0"]
[WhiteTitle "CM"]
[BlackTitle "CM"]
[WhiteElo "2109"]
[BlackElo "1987"]
[WhiteFideId "104981"]
[BlackFideId "3001253"]
[EventDate "2015.05.15"]
[EventType "swiss"]

1. e4 e6 2. d4 d5 3. e5 c5 4. Qg4 cxd4 5. Nf3 Nc6 6. Bd3 f5 7. Qg3 Nge7 8. O-O
Ng6 9. Re1 Be7 10. a3 O-O 11. b4 Bd7 12. Bb2 Rc8 13. Nbd2 a6 14. Nb3 Qe8 15.
Nbxd4 Nxd4 16. Bxd4 Bb5 17. h4 Bxd3 18. cxd3 Qb5 19. h5 Nh8 20. h6 g6 21. Ng5 f4
22. Qg4 Bxg5 23. Qxg5 Qxd3 24. Qe7 Nf7 25. Qf6 Nxh6 26. Qxe6+ Nf7 27. Rad1 Qf5
28. Qxd5 Rfd8 29. Qb3 Qc2 30. Qxc2 Rxc2 31. e6 Ng5 32. e7 Re8 33. Bf6 h6 34. Rd8
Kf7 35. Rxe8 Kxe8 36. Rd1 1-0

[Event "10th American Continental"]
[Site "Montevideo URU"]
[Date "2015.05.24"]
[Round "11.48"]
[White "Lanzilotta, Marcelo"]
[Black "Benoit, Rodrigo"]
[Result "1-0"]
[WhiteElo "2006"]
[BlackElo "2088"]
[WhiteFideId "3001750"]
[BlackFideId "3005151"]
[EventDate "2015.05.15"]
[EventType "swiss"]

1. e4 e5 2. Nf3 Nc6 3. Bc4 Bc5 4. c3 d6 5. d4 exd4 6. cxd4 Bb4+ 7. Nc3 Nf6 8.
O-O Bxc3 9. bxc3 Nxe4 10. d5 Ne7 11. Qd4 Nf6 12. Bg5 O-O 13. Bxf6 gxf6 14. Qxf6
Ng6 15. Qd4 Re8 16. Rfe1 Bd7 17. h4 Ne7 18. Qf6 Nf5 19. Rxe8+ Qxe8 20. Qg5+ Kh8
21. Bd3 Qe7 22. Bxf5 Qxg5 23. Nxg5 Bxf5 24. Re1 Rc8 25. Re7 Bg6 26. Nxf7+ Bxf7
27. Rxf7 b5 28. Kf1 a5 29. Ke2 c6 30. Kd3 cxd5 31. Ra7 a4 32. Rb7 Rc5 33. h5 h6
34. g4 Rc4 35. f3 Rf4 36. Ke3 Rc4 37. Kd3 Rf4 38. Ke3 Rc4 39. Kd2 d4 40. cxd4
Rxd4+ 41. Ke3 Rb4 42. a3 Rb3+ 43. Ke4 d5+ 44. Kf5 Rxf3+ 45. Kg6 Kg8 46. Rxb5 d4
47. Rd5 Kf8 48. Rxd4 Rxa3 49. Kxh6 Ra1 50. g5 a3 51. Ra4 a2 52. g6 1-0

[Event "10th American Continental"]
[Site "Montevideo URU"]
[Date "2015.05.24"]
[Round "11.49"]
[White "Borgeaud Fuentes, Oscar"]
[Black "Caceres Vasquez, Sergio"]
[Result "0-1"]
[BlackTitle "FM"]
[WhiteElo "2003"]
[BlackElo "2087"]
[WhiteFideId "3409325"]
[BlackFideId "3402169"]
[EventDate "2015.05.15"]
[EventType "swiss"]

1. d4 Nf6 2. c4 e6 3. Nc3 Bb4 4. e3 O-O 5. Bd3 b6 6. Ne2 Bb7 7. O-O d5 8. cxd5
exd5 9. a3 Bd6 10. Ng3 Re8 11. Qf3 Nbd7 12. Nb5 Nf8 13. Nxd6 Qxd6 14. Nf5 Qd7
15. Bd2 Ne4 16. Qg4 g6 17. Nh6+ Kg7 18. Qxd7 Nxd7 19. Bxe4 dxe4 20. Ng4 h5 21.
Ne5 Nxe5 22. dxe5 Red8 23. Bc3 Rd3 24. Rfc1 Kf8 25. h4 Ke7 26. Kh2 Ke6 27. Kg3
Kf5 28. Re1 c5 29. f3 b5 30. Rac1 a5 31. Re2 b4 32. axb4 axb4 33. Be1 Ra5 34.
fxe4+ Kxe4 35. e6 fxe6 36. Rc4+ Ke5 37. Kh2 Be4 38. Rc1 Kd5 39. Kg3 Ra2 40. Kf4
Ra8 41. Rec2 e5+ 42. Kg5 Ra5 43. Rc4 Rb3 44. g4 hxg4 45. h5 gxh5 46. Kxh5 Rxb2
47. Kxg4 Rg2+ 48. Kh3 Re2 49. Bh4 Rxe3+ 50. Kg4 Bd3 51. Bf2 Be2+ 52. Kg5 Bxc4
53. Bxe3 Bd3 54. Bd2 Rb5 0-1

[Event "10th American Continental"]
[Site "Montevideo URU"]
[Date "2015.05.24"]
[Round "11.50"]
[White "Moreira, Marcelo"]
[Black "Boff, Andre Ricardo"]
[Result "0-1"]
[WhiteElo "2077"]
[BlackElo "1927"]
[WhiteFideId "3003043"]
[BlackFideId "2154854"]
[EventDate "2015.05.15"]
[EventType "swiss"]

1. e4 e6 2. d4 d5 3. Nc3 Bb4 4. exd5 exd5 5. Bd3 c6 6. Ne2 Nd7 7. O-O Ngf6 8. a3
Bd6 9. Ng3 O-O 10. Nf5 Bc7 11. Bg5 Nb6 12. Qf3 Nc4 13. Qh3 Bxf5 14. Bxf5 h6 15.
Bc1 Nd6 16. Bd3 Qd7 17. Qxd7 Nxd7 18. b3 Rfe8 19. f3 Bb6 20. Bd2 Bxd4+ 21. Kh1
Nc5 22. Rae1 Nxd3 23. cxd3 Nf5 24. Nd1 Bc5 25. b4 Bb6 26. Bf4 Nd4 27. Ne3 a5 28.
b5 Nxb5 29. Nxd5 cxd5 30. Rb1 Bc7 0-1

[Event "10th American Continental"]
[Site "Montevideo URU"]
[Date "2015.05.24"]
[Round "11.51"]
[White "Beckerman, M."]
[Black "Quevedo, Andreina"]
[Result "1/2-1/2"]
[WhiteElo "2025"]
[BlackElo "1661"]
[WhiteFideId "109070"]
[BlackFideId "3004147"]
[EventDate "2015.05.15"]
[EventType "swiss"]

1. f4 Nf6 2. Nf3 g6 3. e3 Bg7 4. Be2 O-O 5. O-O d6 6. Nc3 Nbd7 7. Rb1 c5 8. b3
b6 9. Bb2 Bb7 10. d4 a6 11. d5 b5 12. a3 b4 13. axb4 cxb4 14. Na2 Nxd5 15. Bxg7
Kxg7 16. Nxb4 N7f6 1/2-1/2

[Event "10th American Continental"]
[Site "Montevideo URU"]
[Date "2015.05.24"]
[Round "11.52"]
[White "D Andrea, Leonardo"]
[Black "Chang, Suzana"]
[Result "1/2-1/2"]
[BlackTitle "WFM"]
[WhiteElo "1984"]
[BlackElo "2022"]
[WhiteFideId "3005232"]
[BlackFideId "2105985"]
[EventDate "2015.05.15"]
[EventType "swiss"]

1. Nf3 Nf6 2. d4 g6 3. Bf4 Bg7 4. e3 O-O 5. Be2 d6 6. O-O Nfd7 7. h3 e5 8. Bg5
Qe8 9. dxe5 Nxe5 10. c3 a5 11. Nbd2 h6 12. Bf4 Na6 13. Nc4 a4 14. a3 Nxc4 15.
Bxc4 Nc5 16. Nd4 Bd7 17. Qf3 Qe7 18. Rad1 Rfe8 19. Nb5 Bc6 20. Qe2 Ra5 21. Nd4
Bd7 22. Nb5 Be6 23. Nd4 d5 24. Ba2 c6 25. Nxe6 Nxe6 26. Bh2 b5 27. Bb1 Nc5 28.
Qg4 Raa8 29. Rfe1 Qe6 30. Qb4 Bf8 31. Qf4 Rad8 32. Qh4 h5 33. Bf4 Bg7 34. Bc7
Rc8 35. Bb6 Bf6 36. Qb4 Nd7 37. Bc5 Be5 38. e4 Bb8 39. Be3 dxe4 40. Qxe4 Qxe4
41. Bxe4 Rxe4 42. Rxd7 Bf4 43. g3 Bxe3 44. Rxe3 Rxe3 45. fxe3 Re8 46. Kf2 Re6
47. Rd4 Kg7 48. c4 Kf6 49. cxb5 cxb5 50. Rd5 Rb6 51. Kf3 Ke6 52. e4 b4 53. axb4
Rxb4 54. Ra5 Rxb2 55. Rxa4 g5 56. Ra6+ Ke5 57. Ra5+ Kf6 58. Ra6+ Kg7 59. Ra5
Rb3+ 60. Kf2 f6 61. e5 1/2-1/2

[Event "10th American Continental"]
[Site "Montevideo URU"]
[Date "2015.05.24"]
[Round "11.53"]
[White "Rodriguez, Paulo Virgilio Rios"]
[Black "Gomes, Carlos Henrique Caldeira"]
[Result "1/2-1/2"]
[WhiteElo "2072"]
[BlackElo "1894"]
[WhiteFideId "2108267"]
[BlackFideId "2120160"]
[EventDate "2015.05.15"]
[EventType "swiss"]

1. d4 d5 2. Nf3 Bf5 3. c4 c6 4. Bf4 Nd7 5. Nc3 e6 6. e3 Ngf6 7. Be2 Be7 8. O-O
Nh5 9. cxd5 Nxf4 10. exf4 exd5 11. Re1 O-O 12. Ne5 Bd6 13. Bg4 Bxg4 14. Qxg4 Nf6
15. Qd1 Nd7 16. Re3 f6 17. Nd3 Qc7 18. Qg4 Rae8 19. Rae1 Qd8 20. f5 Rxe3 21.
Rxe3 Re8 22. Rh3 Qe7 23. Kf1 Nf8 24. Qh5 Qf7 25. Qg4 Qe7 26. Ne2 Qe4 27. Qh5 g6
28. fxg6 Qxg6 29. Qxg6+ hxg6 30. Re3 Re4 31. Rxe4 dxe4 32. Nc5 Bxc5 33. dxc5 Ne6
34. b4 f5 35. Ke1 Kf7 36. Kd2 Kf6 37. Ke3 Ke5 38. f4+ exf3 39. Kxf3 g5 40. h3 a5
41. a3 axb4 42. axb4 Nc7 43. Nc3 Kd4 44. Na2 Nd5 45. g3 f4 46. h4 gxh4 47. gxh4
Ke5 48. h5 Kf5 49. Nc1 Nxb4 50. h6 Kg6 51. Kxf4 Nd5+ 52. Ke5 b6 53. cxb6 Nxb6
54. Kd6 1/2-1/2

[Event "10th American Continental"]
[Site "Montevideo URU"]
[Date "2015.05.24"]
[Round "11.54"]
[White "Diaz, Maria M.A."]
[Black "Cardoso Pimenta, Ciro Jose"]
[Result "0-1"]
[WhiteTitle "WFM"]
[WhiteElo "1963"]
[BlackElo "2066"]
[WhiteFideId "7500114"]
[BlackFideId "2118599"]
[EventDate "2015.05.15"]
[EventType "swiss"]

1. d4 Nf6 2. c4 e6 3. Nc3 d5 4. Bg5 Be7 5. cxd5 exd5 6. e3 O-O 7. Bd3 h6 8. Bh4
Re8 9. Qc2 Nc6 10. a3 a6 11. h3 Ne4 12. Bxe7 Rxe7 13. Bxe4 dxe4 14. Nge2 f5 15.
O-O Rf7 16. Rad1 Ne7 17. d5 Ng6 18. Rd4 Qg5 19. f4 exf3 20. Rxf3 Bd7 21. Rg3 Qf6
22. Na4 Re8 23. Nc5 Bc8 24. Nf4 Rxe3 25. Rxe3 Qxd4 26. Qd3 Qxf4 27. Ne6 Bxe6 28.
dxe6 Re7 29. g3 Qd6 30. Qxf5 Qd1+ 31. Kf2 Qd2+ 32. Kf3 Nf8 33. Re2 Qd6 34. Re3
Rxe6 0-1

[Event "10th American Continental"]
[Site "Montevideo URU"]
[Date "2015.05.24"]
[Round "11.55"]
[White "Rodriguez Farias, Eduardo"]
[Black "De Haro, Martim Afonso Palma"]
[Result "1-0"]
[WhiteElo "1956"]
[BlackElo "2048"]
[WhiteFideId "3005062"]
[BlackFideId "2101653"]
[EventDate "2015.05.15"]
[EventType "swiss"]

1. e4 c5 2. c3 g6 3. d4 cxd4 4. cxd4 d5 5. e5 Nc6 6. Bb5 Bg7 7. Nf3 Bg4 8. h3
Bxf3 9. Qxf3 f6 10. Nc3 fxe5 11. dxe5 a6 12. Bxc6+ bxc6 13. O-O e6 14. Qg4 Qc8
15. Na4 Rb8 16. Nc5 Kf7 17. Bg5 Ne7 18. Qf4+ Ke8 19. Bf6 Rf8 20. Qh4 Bxf6 21.
exf6 Nf5 22. Qxh7 Rxf6 23. Rae1 Ne7 24. Qh8+ Kf7 25. Qh7+ Kf8 26. Qh4 Kf7 27.
Re2 Nf5 28. Qh7+ Ng7 29. Qh6 Qh8 30. Qd2 Qd8 31. Rfe1 Rb5 32. Nd3 1-0

[Event "10th American Continental"]
[Site "Montevideo URU"]
[Date "2015.05.24"]
[Round "11.56"]
[White "Guisande, Fernando"]
[Black "Hirota da Silva, Nilton"]
[Result "1-0"]
[WhiteElo "1898"]
[BlackElo "2045"]
[WhiteFideId "3002918"]
[BlackFideId "2101700"]
[EventDate "2015.05.15"]
[EventType "swiss"]

1. e4 d5 2. exd5 Qxd5 3. Nc3 Qd6 4. Bc4 Nf6 5. Nge2 Ng4 6. d4 e6 7. Bf4 Qd8 8.
h3 Nf6 9. O-O c6 10. Re1 Nd5 11. Be5 Nd7 12. Bg3 N7b6 13. Bd3 Bd6 14. Nxd5 cxd5
15. Bxd6 Qxd6 16. Ng3 O-O 17. Nh5 f5 18. Qd2 Bd7 19. Re5 Be8 20. Nf4 Bf7 21.
Rae1 Nd7 22. Rxe6 Bxe6 23. Rxe6 Qb8 24. Nxd5 Nf6 25. Nxf6+ Rxf6 26. Bc4 Rxe6 27.
Bxe6+ Kh8 28. Bxf5 Qf8 29. Be6 Qd6 30. d5 Rd8 31. Qe2 Rf8 32. c4 b6 33. b3 Qa3
34. Qd2 Qd6 35. g3 Rd8 36. Kf1 h6 37. Qd3 Rf8 38. Kg2 Rf6 39. Qe4 Qc5 40. Qe2
Qf8 41. f4 Qb4 42. f5 Qd6 43. Qd2 Rf8 44. g4 Rd8 45. g5 Qf8 46. h4 Kh7 47. Qf2
Qa3 48. f6 g6 49. h5 hxg5 50. Qc2 Qf8 51. Qxg6+ Kh8 52. h6 1-0

[Event "10th American Continental"]
[Site "Montevideo URU"]
[Date "2015.05.24"]
[Round "11.57"]
[White "Ortiz, Jorge"]
[Black "Garcia La Rosa, Lorena Estefania"]
[Result "1-0"]
[BlackTitle "WCM"]
[WhiteElo "1894"]
[BlackElo "2017"]
[WhiteFideId "113972"]
[BlackFideId "3901262"]
[EventDate "2015.05.15"]
[EventType "swiss"]

1. e4 c5 2. Nf3 Nc6 3. Bb5 Qb6 4. c4 e6 5. O-O Nge7 6. Nc3 Ng6 7. Bxc6 bxc6 8.
d4 cxd4 9. Nxd4 Ba6 10. b3 Bb4 11. Nce2 O-O 12. Bb2 Rad8 13. Rc1 Bc5 14. Rc2 d5
15. cxd5 cxd5 16. Qc1 Rc8 17. exd5 exd5 18. Qa1 f6 19. Rfc1 Bd3 20. Rxc5 Rxc5
21. Rxc5 Qxc5 22. Ne6 Qc2 23. Nxf8 Kxf8 24. Nd4 Qb1+ 25. Qxb1 Bxb1 26. a4 Ne5
27. Ba3+ Kf7 28. b4 Bd3 29. b5 Nc4 30. Bc5 Nb6 31. a5 Nc8 32. b6 axb6 33. axb6
Ba6 34. Nc6 d4 35. b7 Bxb7 36. Nd8+ Kg6 37. Nxb7 d3 38. Kf1 Kf5 39. Nd6+ Nxd6
40. Bxd6 Ke4 41. Ke1 f5 42. Kd2 g5 43. Be7 g4 44. Bf6 f4 45. Bg7 h5 46. Bf6 Kf5
47. Bd8 Ke4 48. Be7 Kd4 49. f3 1-0

[Event "10th American Continental"]
[Site "Montevideo URU"]
[Date "2015.05.24"]
[Round "11.58"]
[White "Pinero, Ismael"]
[Black "Casas, Nicolas"]
[Result "1-0"]
[WhiteTitle "CM"]
[WhiteElo "2013"]
[BlackElo "1834"]
[WhiteFideId "3004244"]
[BlackFideId "3002055"]
[EventDate "2015.05.15"]
[EventType "swiss"]

1. e4 d5 2. exd5 Qxd5 3. Nc3 Qa5 4. d4 c6 5. Nf3 Nf6 6. Bd3 Bg4 7. h3 Bxf3 8.
Qxf3 e6 9. O-O Bd6 10. Ne4 Nxe4 11. Qxe4 Nd7 12. c4 Nf6 13. Qf3 O-O-O 14. Be3
Bb8 15. b4 Qxb4 16. Rab1 Qd6 17. g3 h5 18. d5 exd5 19. Bf5+ Nd7 20. cxd5 c5 21.
Bxc5 Qf6 22. d6 b6 23. Bxb6 1-0

[Event "10th American Continental"]
[Site "Montevideo URU"]
[Date "2015.05.24"]
[Round "11.59"]
[White "Ruggiero, Alvaro"]
[Black "Larrea, Daniela"]
[Result "1/2-1/2"]
[WhiteTitle "CM"]
[WhiteElo "1967"]
[BlackElo "1705"]
[WhiteFideId "3001504"]
[BlackFideId "3003000"]
[EventDate "2015.05.15"]
[EventType "swiss"]

1. e4 c5 2. d4 cxd4 3. Qxd4 Nc6 4. Qd1 Nf6 5. Nc3 g6 6. Nf3 d6 7. Bc4 Bg7 8. O-O
O-O 9. a3 Bg4 10. h3 Bxf3 11. Qxf3 Ne5 12. Qe2 Nxc4 13. Qxc4 Rc8 14. Qb3 Qc7 15.
Be3 a6 16. f3 b5 17. Rac1 Qc4 18. Qxc4 Rxc4 19. Ne2 Rfc8 20. c3 Nd7 21. Rcd1 Nf6
22. Rd2 h5 23. Rfd1 Kh7 24. Nd4 Bh6 25. Kf2 Bxe3+ 26. Kxe3 Kg7 27. Ne2 R4c7 28.
f4 Rc4 29. e5 dxe5 30. fxe5 Re4+ 31. Kf3 Rxe5 32. Rd8 Rec5 33. g4 hxg4+ 34. hxg4
Rxd8 35. Rxd8 Rd5 36. Ra8 1/2-1/2

[Event "10th American Continental"]
[Site "Montevideo URU"]
[Date "2015.05.24"]
[Round "11.59"]
[White "Ruggiero, Alvaro"]
[Black "Larrea, Daniela"]
[Result "1/2-1/2"]
[WhiteTitle "CM"]
[WhiteElo "1967"]
[BlackElo "1705"]
[WhiteFideId "3001504"]
[BlackFideId "3003000"]
[EventDate "2015.05.15"]
[EventType "swiss"]

1. e4 c5 2. d4 cxd4 3. Qxd4 Nc6 4. Qd1 Nf6 5. Nc3 g6 6. Nf3 d6 7. Bc4 Bg7 8. O-O
O-O 9. a3 Bg4 10. h3 Bxf3 11. Qxf3 Ne5 12. Qe2 Nxc4 13. Qxc4 Rc8 14. Qb3 Qc7 15.
Be3 a6 16. f3 b5 17. Rac1 Qc4 18. Qxc4 Rxc4 19. Ne2 Rfc8 20. c3 Nd7 21. Rcd1 Nf6
22. Rd2 h5 23. Rfd1 Kh7 24. Nd4 Bh6 25. Kf2 Bxe3+ 26. Kxe3 Kg7 27. Ne2 R4c7 28.
f4 Rc4 29. e5 dxe5 30. fxe5 Re4+ 31. Kf3 Rxe5 32. Rd8 Rec5 33. g4 hxg4+ 34. hxg4
Rxd8 35. Rxd8 Rd5 36. Ra8 Rd6 37. Ng3 Rd2 38. Rxa6 Rxb2 39. g5 Nd5 40. Ne4 Rb3
41. Nd2 Rxc3+ 42. Ke4 e6 43. Ra7 Rg3 44. Nf3 Rg4+ 45. Ke5 Nb6 46. Nd2 Rxg5+ 47.
Kf4 Rf5+ 48. Kg4 Nd5 49. Nf3 Kf6 50. Rb7 Nc3 51. Nd4 Rc5 52. Kg3 Rc4 53. Nf3
Ne4+ 54. Kg2 Ng5 55. Nh2 Rc5 56. Ng4+ Kf5 57. Nh6+ Ke4 58. Nxf7 Nxf7 59. Rxf7 g5
60. Re7 Kf5 61. Ra7 Rc3 62. a4 bxa4 63. Rxa4 e5 64. Ra8 e4 65. Kf2 Kg4 66. Re8
Rf3+ 67. Kg2 Rf4 68. Re7 Kf5 69. Kg3 Rf3+ 70. Kg2 Ra3 71. Re8 e3 72. Kf3 e2+ 73.
Kxe2 Kg4 74. Kf2 Ra2+ 75. Kg1 Kg3 76. Re3+ Kf4 77. Rb3 g4 78. Rb5 Kg3 79. Rb3+
Kh4 80. Rb7 Kh3 81. Rb3+ g3 82. Rb1 Rd2 83. Ra1 Rg2+ 84. Kh1 Re2 85. Kg1 Kg4 86.
Ra4+ Kf3 87. Ra3+ Re3 88. Rxe3+ Kxe3 89. Kg2 Kf4 90. Kg1 Kg5 91. Kg2 Kg4 1/2-1/2

[Event "10th American Continental"]
[Site "Montevideo URU"]
[Date "2015.05.24"]
[Round "11.61"]
[White "Gomes, Marco Tulio"]
[Black "Chamlian, Aram"]
[Result "1/2-1/2"]
[WhiteElo "1883"]
[BlackElo "1714"]
[WhiteFideId "2115271"]
[BlackFideId "3003639"]
[EventDate "2015.05.15"]
[EventType "swiss"]

1. e4 c5 2. Nc3 Nc6 3. g3 g6 4. Bg2 Bg7 5. d3 d6 6. f4 Nh6 7. Nf3 O-O 8. O-O f5
9. h3 Nd4 10. Be3 Bd7 11. Qd2 Nf7 12. Rae1 Bc6 13. exf5 Nxf5 14. Qf2 e5 15. g4
Nxe3 16. Qxe3 exf4 17. Qxf4 Ne5 18. Qg3 Nxf3+ 19. Bxf3 Be5 20. Qg2 Qh4 21. Bxc6
bxc6 22. Rxf8+ Rxf8 23. Rf1 Bd4+ 24. Kh1 Rxf1+ 25. Qxf1 Qg3 26. Ne4 Qe5 27. c3
Be3 28. Qf3 Bg5 29. Nxg5 Qxg5 30. Kh2 Qd2+ 31. Qg2 Qxd3 32. Qxc6 Qe2+ 33. Qg2
Qxg2+ 34. Kxg2 Kf7 35. c4 Kf6 36. Kf3 Ke5 37. Ke3 g5 38. a3 a5 39. b3 d5 40.
cxd5 Kxd5 41. Kd3 h6 42. a4 Kd6 43. Ke4 1/2-1/2

[Event "10th American Continental"]
[Site "Montevideo URU"]
[Date "2015.05.24"]
[Round "11.62"]
[White "Pereira, Henry Alberto"]
[Black "Gomez Troccoli, Martin"]
[Result "1-0"]
[WhiteElo "1955"]
[BlackElo "1761"]
[WhiteFideId "4433270"]
[BlackFideId "3006778"]
[EventDate "2015.05.15"]
[EventType "swiss"]

1. b3 e5 2. Bb2 Nc6 3. c4 Nf6 4. e3 e4 5. Qc2 Nb4 6. Qc3 d5 7. a3 Nc6 8. Qc2 d4
9. Bxd4 Nxd4 10. exd4 Qxd4 11. Nc3 Bc5 12. O-O-O Bxa3+ 13. Kb1 Bf5 14. b4 O-O
15. Nb5 Qxf2 16. Nxa3 e3 17. d3 Ng4 18. Nh3 Qxc2+ 19. Nxc2 Rfe8 20. Be2 Nf2 21.
Nxf2 exf2 22. Bf3 Rad8 23. Rhf1 Bxd3 24. Rxf2 Bxc4 25. Rxd8 Rxd8 26. Bxb7 1-0

[Event "10th American Continental"]
[Site "Montevideo URU"]
[Date "2015.05.24"]
[Round "11.63"]
[White "Pereira, Armando Scharlau"]
[Black "Braga, Jose Pereira"]
[Result "0-1"]
[WhiteElo "1717"]
[BlackElo "1911"]
[WhiteFideId "2122006"]
[BlackFideId "2103435"]
[EventDate "2015.05.15"]
[EventType "swiss"]

1. b3 e5 2. Bb2 Nc6 3. d3 d5 4. Nf3 Bd6 5. c4 Nf6 6. cxd5 Nxd5 7. g3 O-O 8. Bg2
Bg4 9. Nbd2 Qd7 10. Ng5 Nde7 11. h3 Bf5 12. Nc4 Bb4+ 13. Kf1 f6 14. Ne4 Rad8 15.
Kg1 Bg6 16. h4 h5 17. Rc1 Nf5 18. Bh3 Qe7 19. a3 Bd6 20. b4 a6 21. Ncd2 Nfd4 22.
Bg2 f5 23. Ng5 Kh8 24. e3 Ne6 25. Nxe6 Qxe6 26. Bxc6 bxc6 27. Rxc6 f4 28. Qb3
Qg4 29. Kg2 fxe3 30. f3 Qd7 31. Rxd6 Qxd6 32. Nc4 Qxd3 33. Qxd3 Rxd3 34. Nxe5
Rd2+ 35. Kh3 Bf5+ 36. g4 Rxb2 37. gxf5 Rxf5 38. f4 e2 39. Kg2 e1=Q+ 0-1

[Event "10th American Continental"]
[Site "Montevideo URU"]
[Date "2015.05.24"]
[Round "11.64"]
[White "Areco, Antonio"]
[Black "Campora, Edgardo"]
[Result "0-1"]
[WhiteElo "1746"]
[BlackElo "1847"]
[WhiteFideId "139190"]
[BlackFideId "3003612"]
[EventDate "2015.05.15"]
[EventType "swiss"]

1. Nf3 Nf6 2. d4 g6 3. c4 Bg7 4. Nc3 O-O 5. e4 d6 6. h3 e5 7. d5 Nbd7 8. Be3 Nh5
9. Bd3 Nf4 10. O-O Nxd3 11. Qxd3 Nc5 12. Qd2 f5 13. exf5 Bxf5 14. Bh6 Bd3 15.
Bxg7 Kxg7 16. Rfe1 Bf5 17. Re3 a5 18. Rae1 Kg8 19. g4 Bd7 20. Qe2 Qe7 21. Ne4
Nxe4 22. Rxe4 Rf7 23. Rd1 Raf8 24. Rd3 Qf6 25. Kg2 g5 26. b3 h5 27. Qd2 hxg4 28.
hxg4 Rg7 29. Ng1 Qh6 30. Rh3 Qg6 31. Qe3 Rf4 32. Rxf4 gxf4 33. Qa7 Qxg4+ 0-1

[Event "10th American Continental"]
[Site "Montevideo URU"]
[Date "2015.05.24"]
[Round "11.65"]
[White "Rodrigues, Julliano de Araujo"]
[Black "Porteiro, Rodrigo"]
[Result "1-0"]
[WhiteElo "1808"]
[BlackElo "1727"]
[WhiteFideId "2127288"]
[BlackFideId "3006140"]
[EventDate "2015.05.15"]
[EventType "swiss"]

1. e4 c6 2. d4 d5 3. e5 Bf5 4. h4 h6 5. g4 Bg6 6. h5 Bh7 7. e6 fxe6 8. Bd3 Bxd3
9. Qxd3 Qd6 10. Nf3 Nd7 11. Qg6+ Kd8 12. Nc3 e5 13. Qf5 Qf6 14. dxe5 Qxf5 15.
gxf5 e6 16. fxe6 Nc5 17. Nd4 Ke7 18. Be3 Nxe6 19. Nxe6 Kxe6 20. f4 Ne7 21. O-O-O
Nf5 22. Bf2 Rg8 23. Rhg1 Ne7 24. Ne2 g5 25. hxg6 Kf5 26. Nd4+ Kxf4 27. Ne6+ Kxe5
28. Rde1+ Kd6 29. Bc5+ Kd7 30. Nxf8+ Raxf8 31. Rxe7+ Kc8 32. Rf7 Re8 33. g7 b6
34. Rf8 Kd7 35. Rxe8 Kxe8 36. Bf8 Kf7 37. Kd2 c5 38. Re1 a5 39. Re7+ Kf6 40. Rb7
h5 41. Rxb6+ Ke5 1-0

[Event "10th American Continental"]
[Site "Montevideo URU"]
[Date "2015.05.24"]
[Round "11.66"]
[White "Reolon, Victor"]
[Black "Pena Canapa, Alfredo"]
[Result "0-1"]
[WhiteElo "1711"]
[BlackElo "1785"]
[WhiteFideId "3002942"]
[BlackFideId "3003140"]
[EventDate "2015.05.15"]
[EventType "swiss"]

1. c4 e5 2. Nc3 Nf6 3. g3 Bc5 4. Bg2 a6 5. e3 Nc6 6. Nge2 Ba7 7. a3 O-O 8. b4 d6
9. O-O Bg4 10. d3 Qd7 11. Kh1 Bh3 12. Ng1 Bxg2+ 13. Kxg2 Rfe8 14. Qf3 Rab8 15.
Nh3 h6 16. Nd5 Nxd5 17. cxd5 Ne7 18. e4 f5 19. Qh5 Rf8 20. Bb2 Bd4 21. Bxd4 exd4
22. Nf4 Rf6 23. Ne6 c6 24. Nxd4 cxd5 25. exf5 Nxf5 26. Nxf5 Rxf5 27. Qh3 Rbf8
28. f4 Qb5 29. Rf3 Qe8 30. Kf2 Qa4 31. Qf1 Re8 32. Re1 Rff8 33. Rxe8 Rxe8 34.
Qc1 Qd7 35. Re3 Rc8 36. Qg1 d4 37. Re2 Rc3 38. Qb1 Qf5 39. Qa2+ d5 40. Re5 Qxd3
41. Qxd5+ Kh7 42. Qe4+ Qxe4 43. Rxe4 Rxa3 44. Rxd4 Ra2+ 45. Kg1 b5 46. h4 Ra4
47. h5 a5 48. Kf2 axb4 49. Ke2 b3 50. Rd1 Ra2+ 51. Kf3 Rc2 52. Rd3 b2 53. Rb3
Rc3+ 54. Rxc3 b1=Q 55. Kg4 b4 56. Rc7 b3 57. f5 Qd1+ 0-1

[Event "10th American Continental"]
[Site "Montevideo URU"]
[Date "2015.05.24"]
[Round "11.67"]
[White "Blanchard, Marcel"]
[Black "Pelaez, Diego"]
[Result "1-0"]
[WhiteElo "1804"]
[BlackElo "1567"]
[WhiteFideId "3000214"]
[BlackFideId "3006476"]
[EventDate "2015.05.15"]
[EventType "swiss"]

1. d4 Nf6 2. c4 g6 3. Nc3 Bg7 4. e4 d6 5. Nf3 O-O 6. Be2 e5 7. O-O Nc6 8. d5 Ne7
9. b4 a5 10. Ba3 axb4 11. Bxb4 Ne8 12. a4 f5 13. Nd2 f4 14. Bg4 Nf6 15. Bxc8
Qxc8 16. f3 h5 17. c5 Ne8 18. Qb3 Kh8 19. Nc4 Qd8 20. Nb5 dxc5 21. Bxc5 b6 22.
Bf2 Nc8 23. Qb4 Rf7 24. a5 bxa5 25. Nxa5 Bf8 26. Bc5 Bxc5+ 27. Qxc5 Qf6 28. Nc6
Rxa1 29. Rxa1 Kg7 30. Ra8 Ned6 31. Ra6 Qh4 32. Ra1 Qf6 33. Rb1 g5 34. Qc3 Nxb5
35. Rxb5 Nd6 36. Rb1 Re7 37. Nxe7 Qxe7 38. Rc1 Nb5 39. Qb2 Nd4 40. Kf1 Nxf3 41.
gxf3 Qd7 42. Qxe5+ 1-0